Nasraná máma. Nekorektní průvodce prvním rokem mateřství /
Volné pokračování humoristického vyprávění mladé ženy, která ve svých zápiscích popisuje počáteční šok z mateřství.
Uloženo v:
| Série: | Nasraná máma,
část 2 |
|---|---|
| Hlavní autor: | |
| Médium: | E-kniha |
| Jazyk: | Czech |
| Vydáno: |
V Praze :
BWT books,
2022
|
| Vydání: | 1. vydání |
| Témata: | |
| Příbuzné jednotky: | Z cyklu::
Nasraná máma |
| Tagy: |
Žádné tagy |
| LEADER | 02592nam a2200625 i 4500 | ||
|---|---|---|---|
| 001 | 311867 | ||
| 003 | CZ PrSKC | ||
| 005 | 20260601215713.0 | ||
| 007 | ta | ||
| 008 | 221003s2022 xr a e 000 0acze | ||
| 015 | |a cnb003457859 | ||
| 020 | |a 9788090815056 |q (brožováno) | ||
| 035 | |a (OCoLC)1354195112 | ||
| 040 | |a ABG001 |b cze |d ABA001 |e rda | ||
| 043 | |a e-xr--- | ||
| 045 | |a y-y- | ||
| 072 | 7 | |a 316.36 |x Manželství a rodina. Sexuální vztahy |2 Konspekt | |
| 072 | 7 | |a 929 |x Biografie |2 Konspekt | |
| 080 | |a 004.774.6-055.2 |2 MRF | ||
| 080 | |a 173.5/.7 |2 MRF | ||
| 080 | |a 173.5-055.52 |2 MRF | ||
| 080 | |a 316.362.1-055.52 |2 MRF | ||
| 080 | |a 649-053.3 |2 MRF | ||
| 080 | |a 929 |2 MRF | ||
| 080 | |a (437.3) |2 MRF | ||
| 080 | |a (0:82-94) |2 MRF | ||
| 100 | 1 | |a Maroušková, Tereza |7 ola20211112821 |4 aut | |
| 245 | 1 | 0 | |a Nasraná máma. |p Nekorektní průvodce prvním rokem mateřství / |c autor: Tereza Maroušková |
| 246 | 3 | 0 | |a Nekorektní průvodce prvním rokem mateřství |
| 250 | |a 1. vydání | ||
| 264 | 1 | |a V Praze : |b BWT books, |c 2022 | |
| 300 | |a 296 stran : |b ilustrace (některé barevné) ; |c 20 cm | ||
| 336 | |a text |b txt |2 rdacontent | ||
| 337 | |a bez média |b n |2 rdamedia | ||
| 338 | |a svazek |b nc |2 rdacarrier | ||
| 520 | 2 | |a Volné pokračování humoristického vyprávění mladé ženy, která ve svých zápiscích popisuje počáteční šok z mateřství. | |
| 600 | 1 | 7 | |a Maroušková, Tereza |7 ola20211112821 |2 czenas |
| 648 | 7 | |a 21. století |7 ch460559 |2 czenas | |
| 650 | 0 | 7 | |a blogerky |7 ph954050 |z Česko |y 21. století |2 czenas |
| 650 | 0 | 7 | |a matky a děti |7 ph380396 |z Česko |y 21. století |2 czenas |
| 650 | 0 | 7 | |a mateřství |7 ph122684 |2 czenas |
| 650 | 0 | 7 | |a raná péče o dítě |7 ph135011 |2 czenas |
| 650 | 0 | 9 | |a women bloggers |z Czechia |y 21st century |2 eczenas |
| 650 | 0 | 9 | |a mothers and children |z Czechia |y 21st century |2 eczenas |
| 650 | 0 | 9 | |a motherhood |2 eczenas |
| 650 | 0 | 9 | |a early child care |2 eczenas |
| 655 | 7 | |a autobiografické vzpomínky |7 fd131854 |2 czenas | |
| 655 | 9 | |a autobiographical reminiscences |2 eczenas | |
| 787 | 0 | 8 | |i Z cyklu: |t Nasraná máma |g 2 |
| 900 | |a ABA001 |b 21 | ||
| 928 | 9 | |a BWT Bros - BWT books | |
| 044 | |a xr | ||
| 910 | |a RBIT002 | ||
| 998 | |d 370104 |a https://core.palmknihy.cz/api/books/370104/cover?s6l84h |b https://core.palmknihy.cz/api/books/370104/cover/400?s6l84h |c https://core.palmknihy.cz/api/books/370104/cover/50?s6l84h |e 2030-01-01 |g 296 |i 9788090815056 |j https://core.palmknihy.cz/api/books/370104/preview.epub |l |q 49 |r 1 |s https://www.palmknihy.cz/kniha/370104 |t ebook |y 2023 |z 0 |v Nasraná máma |w 2 | ||
| 999 | |d 311865 | ||